| 000 | 004790000a22001930004500 | ||
|---|---|---|---|
| 999 |
_c49003 _d49003 |
||
| 001 | 1849 | ||
| 003 | CO-MdFUSB | ||
| 005 | 20171115180918.0 | ||
| 008 | 171115b xxu||||| |||| 00| 0 eng d | ||
| 020 | _a958-24-0106-0 | ||
| 040 | _cCO-MdBIC | ||
| 082 | 0 | 4 | _a863N En215m |
| 100 | 1 | _aEnde, Michael | |
| 245 | 1 | 0 | _aMomo / Michael Ende ; traduucción de Susana Constante |
| 260 | _aColombia: Alfaguar, S.A | ||
| 300 | _a255 P. | ||
| 650 | 1 | 4 | _aLiteratura infantil |
| 942 | _cLGB | ||